000 00833nam a22001937a 4500
003 BD-DhUL
005 20180523101244.0
008 180515s1862 ii |||| |||| 000 0 ben d
040 _aBD-DhUL
_cBD-DhUL
082 _a891.443
_bBAS
110 2 _aবসুমতী-সাহিত্য-মন্দির।
245 1 _aসৎসাহিত্য-গ্রন্থাবলী :
_bপ্রথম ভাগ /
_cবসুমতী-সাহিত্য-মন্দির।
260 _aকলিকাতা :
_bবসুমতী-সাহিত্য-মন্দির,
_c১৮৬২।
300 _aখ. ;
_c২২ সেমি.
490 0 _aবসুমতী-গ্রন্হাবলী- সিরিজ
650 4 _aবাংলা উপন্যাস।
650 4 _aBengali Fiction.
942 _2ddc
_cBK
999 _c241485
_d241485